[Event "Ostersund Storsjodraget op"]
[Site "Ostersund"]
[Date "2019.06.14"]
[Round "1"]
[White "Andersson, Sven Olof"]
[Black "Astrom, Anders"]
[Result "1-0"]
[WhiteElo "1912"]
[BlackElo "1827"]
[PlyCount "49"]
[EventDate "2019.06.14"]
[EventType "swiss"]
[EventRounds "7"]
[EventCountry "SWE"]
[SourceTitle "CBM 192 Extra"]
[Source "Chessbase"]
[SourceDate "2019.11.06"]
[SourceVersion "1"]
[SourceVersionDate "2019.11.06"]
[SourceQuality "1"]

1. d4 d5 2. Nf3 Nf6 3. Bf4 g6 4. e3 Nh5 5. Be5 f6 6. Bg3 Bg7 7. c4 c6 8. Nc3 0-0 9. Qb3 dxc4 10. Bxc4+ Kh8 11. 0-0-0 b5 12. Bd3 a5 13. a4 bxa4 14. Nxa4 Na6 15. Nc5 Nxc5 16. dxc5 Qc7 17. Bxc7 Bd7 18. Bxg6 hxg6 19. Rxd7 f5 20. Ng5 a4 21. Qe6 a3 22. bxa3 Rxa3 23. Be5 Bxe5 24. Qxe5+ Nf6 25. Qxe7 1-0